[Event "X Open"]
[Site "Coria del Rio"]
[Date "2004.02.16"]
[Round "6"]
[White "Korneev, Oleg"]
[Black "Cheparinov, Ivan"]
[Result "1-0"]
[WhiteElo "2566"]
[BlackElo "2550"]
[PlyCount "75"]
[EventDate "2004.02.11"]
[Source "Roberto Alvarez"]
[SourceDate "2004.02.23"]

1. e4 c5 2. Nf3 d6 3. d4 cxd4 4. Nxd4 Nf6 5. Nc3 g6 6. Be3 Bg7 7. f3 Nc6 8. Qd2 O-O 9. O-O-O d5 10. exd5 Nxd5 11. Nxc6 bxc6 12. Bd4 Bxd4 13. Qxd4 Qc7 14. Bc4 Nb6 15. Be2 Be6 16. g3 Rfb8 17. Rd2 a5 18. a3 Bd5 19. Nxd5 cxd5 20. f4 Qc6 21. b3 Rc8 22. a4 Qc5 23. Kb2 e6 24. Bb5 Ra7 25. Re1 Rac7 26. Qxc5 Rxc5 27. Ree2 Kf8 28. g4 Ke7 29. Rd3 Kf6 30. Rh3 Kg7 31. f5 e5 32. g5 d4 33. f6+ Kg8 34. Bd3 Nd7 35. Rh4 h6 36. Rxh6 e4 37. Rxe4 Rxg5 38. Reh4 1-0

[Event "Andorra Open"]
[Site "Andorra"]
[Date "1994.??.??"]
[Round "9"]
[White "Psakhis, Lev B"]
[Black "Marin, Mihail"]
[Result "1/2-1/2"]
[WhiteElo "2585"]
[BlackElo "2530"]
[PlyCount "51"]
[EventDate "1994.06.??"]
[Source "www.chesslib.no"]
[SourceDate "2004.05.04"]

1. e4 c5 2. Nf3 d6 3. d4 Nf6 4. Nc3 cxd4 5. Nxd4 g6 6. Be3 Bg7 7. f3 Nc6 8. Qd2 O-O 9. O-O-O d5 10. exd5 Nxd5 11. Nxc6 bxc6 12. Bd4 e5 13. Bc5 Be6 14. Ne4 Re8 15. h4 h6 16. g4 Qc7 17. g5 h5 18. Bc4 Red8 19. Qf2 a5 20. a4 Qb7 21. Rd3 Nf4 22. Rxd8+ Rxd8 23. Bxe6 Nxe6 24. Bd6 Nd4 25. Rd1 Qd7 26. c3 1/2-1/2

[Event "Bad Homburg"]
[Site "Bad Homburg"]
[Date "1996.??.??"]
[Round "7"]
[White "Slobodjan, Roman"]
[Black "Alterman, Boris"]
[Result "1/2-1/2"]
[WhiteElo "2520"]
[BlackElo "2590"]
[PlyCount "39"]
[EventDate "1996.07.20"]
[Source "ChessBase"]

1. e4 c5 2. Nf3 d6 3. d4 cxd4 4. Nxd4 Nf6 5. Nc3 g6 6. f3 Bg7 7. Be3 Nc6 8. Qd2 O-O 9. O-O-O d5 10. exd5 Nxd5 11. Nxc6 bxc6 12. Bd4 e5 13. Bc5 Re8 14. Ne4 Be6 15. g4 Nf4 16. Qe1 Qc7 17. Bd6 Qb6 18. Bc5 Qc7 19. Bd6 Qb6 20. Bc5 1/2-1/2

[Event "TCN Cup 3rd "]
[Site "Beijing"]
[Date "1997.08.12"]
[Round "3"]
[White "Xie Jun"]
[Black "Alterman, Boris"]
[Result "1/2-1/2"]
[WhiteElo "2495"]
[BlackElo "2615"]
[PlyCount "95"]
[EventDate "1997.08.11"]
[Source "ChessBase"]
[SourceDate "1997.11.23"]

1. e4 c5 2. Nf3 d6 3. d4 cxd4 4. Nxd4 Nf6 5. Nc3 g6 6. Be3 Bg7 7. f3 Nc6 8. Qd2 O-O 9. O-O-O d5 10. Kb1 Nxd4 11. e5 Nf5 12. exf6 Bxf6 13. Nxd5 Qxd5 14. Qxd5 Nxe3 15. Qd2 Nxd1 16. Qxd1 Be6 17. Bb5 a6 18. Ba4 Rfd8 19. Qe2 Rd4 20. Bb3 Bxb3 21. axb3 Rad8 22. g3 Kg7 23. f4 R8d5 24. Qf3 e6 25. Re1 h6 26. h4 h5 27. c3 Rd3 28. Qf2 Rd7 29. b4 Rd2 30. Re2 R2d5 31. Kc2 Rd3 32. Re4 b5 33. Re3 R3d5 34. Qe2 R5d6 35. Rf3 Rd8 36. Rf1 R8d7 37. Ra1 Rd8 38. Qg2 R8d7 39. Rh1 Rd5 40. Rh2 Rd8 41. Qf3 R8d7 42. g4 hxg4 43. Qxg4 Rh5 44. Qg1 Rd6 45. Qf2 e5 46. fxe5 Bxe5 47. Rh3 Bf6 48. Kb3 1/2-1/2

[Event "Mikenas mem op"]
[Site "Vilnius"]
[Date "1997.??.??"]
[Round "?"]
[White "Malisauskas, Vidmantas"]
[Black "Fedorov, Alexei"]
[Result "1/2-1/2"]
[WhiteElo "2530"]
[BlackElo "2580"]
[PlyCount "62"]
[EventDate "1997.??.??"]
[Source "www.chesslib.no"]
[SourceDate "2004.05.04"]

1. e4 c5 2. Nf3 d6 3. d4 cxd4 4. Nxd4 Nf6 5. Nc3 g6 6. f3 Bg7 7. Be3 Nc6 8. Qd2 O-O 9. O-O-O Bd7 10. g4 Rc8 11. Kb1 Ne5 12. Nd5 e6 13. Nxf6+ Qxf6 14. g5 Qe7 15. h4 d5 16. exd5 exd5 17. h5 Rfe8 18. Bf2 Nc4 19. Bxc4 dxc4 20. c3 a6 21. Ka1 Rcd8 22. Qf4 Qe5 23. Qh4 Bf5 24. Rde1 Qd5 25. Rxe8+ Rxe8 26. Nxf5 gxf5 27. Qf4 b5 28. h6 Bh8 29. a3 a5 30. Re1 Rxe1+ 31. Bxe1 Qd1+ 1/2-1/2

[Event "Europa ch 2008"]
[Site "Plovdiv BUL"]
[Date "2008.04.23"]
[Round "3.57"]
[White "Pavasovic, Dusko"]
[Black "Stanojoski, Zvonko"]
[Result "1-0"]
[WhiteElo "2595"]
[BlackElo "2506"]
[PlyCount "59"]
[EventDate "2008.04.21"]
[Source "www.chesslib.no"]
[SourceDate "2004.05.04"]

1. e4 c5 2. Nf3 d6 3. d4 cxd4 4. Nxd4 Nf6 5. Nc3 g6 6. Be3 Bg7 7. f3 Nc6 8. Qd2 O-O 9. O-O-O Nxd4 10. Bxd4 Be6 11. Kb1 Qc7 12. Nb5 Qb8 13. g4 a6 14. Nc3 b5 15. h4 b4 16. Nd5 Bxd5 17. exd5 Qb7 18. Bc4 Rfc8 19. b3 a5 20. h5 a4 21. hxg6 fxg6 22. Qe2 axb3 23. cxb3 h6 24. Bd3 g5 25. Qe6+ Kf8 26. Rhe1 Rc7 27. Bg6 Qxd5 28. Bxf6 Qxe6 29. Bxg7+ Kxg7 30. Rxe6 1-0

[Event "Nordic zt"]
[Site "NOR"]
[Date "1992.??.??"]
[Round "6"]
[White "Hector, Jonny"]
[Black "Petursson, Margeir"]
[Result "1-0"]
[WhiteElo "2535"]
[BlackElo "2565"]
[PlyCount "120"]
[EventDate "1992.??.??"]
[Source "ChessBase"]

1. e4 c5 2. Nf3 d6 3. d4 cxd4 4. Nxd4 Nf6 5. Nc3 g6 6. Be3 Bg7 7. f3 O-O 8. Bc4 Nc6 9. Qe2 Bd7 10. O-O-O Na5 11. Bb3 Nxb3+ 12. cxb3 a6 13. Kb1 b5 14. Rc1 Rc8 15. Qd2 b4 16. Nce2 a5 17. g4 e5 18. Rxc8 Qxc8 19. Nc2 Qa6 20. Ng3 Rc8 21. Rd1 Qc6 22. g5 Ne8 23. Bf2 Be6 24. Ne3 a4 25. Nd5 Bxd5 26. exd5 Qb5 27. Qd3 Qa5 28. bxa4 Qxa4 29. Ne4 Ra8 30. Qb3 Qxb3 31. axb3 Ra5 32. Be1 Rb5 33. Rc1 Kf8 34. Rc8 Rxd5 35. Bxb4 Ke7 36. Kc2 Kd7 37. Rb8 Nc7 38. Nc3 Rd4 39. Ba5 Ne6 40. Rb7+ Kc6 41. Rxf7 d5 42. b4 Rf4 43. b5+ Kd6 44. Ra7 e4 45. fxe4 dxe4 46. Bb4+ Ke5 47. b6 Nd4+ 48. Kb1 Nc6 49. Ba3 Bf8 50. Bxf8 Rxf8 51. Rc7 Nb4 52. b3 Rb8 53. b7 e3 54. Kc1 Kd6 55. Rxh7 Kc6 56. Kd1 Nd3 57. Ke2 Nc1+ 58. Kxe3 Nxb3 59. Rg7 Rxb7 60. Rxg6+ Kc5 1-0

[Event "Bern"]
[Site "Bern"]
[Date "1988.??.??"]
[Round "?"]
[White "Campora, Daniel Hugo"]
[Black "Kudrin, Sergey"]
[Result "1/2-1/2"]
[WhiteElo "2540"]
[BlackElo "2555"]
[PlyCount "102"]
[EventDate "1988.02.??"]
[Source "ChessBase"]

1. e4 c5 2. Nf3 d6 3. d4 cxd4 4. Nxd4 Nf6 5. Nc3 g6 6. Be3 Bg7 7. f3 Nc6 8. Qd2 O-O 9. g4 Be6 10. O-O-O Ne5 11. Nxe6 fxe6 12. Be2 Qc8 13. Bh6 Bxh6 14. Qxh6 Qc5 15. h4 Kh8 16. Qd2 Rac8 17. Kb1 b5 18. Nxb5 Nxf3 19. Bxf3 Qxb5 20. g5 Nd7 21. Be2 Qe5 22. Qd4 Qxd4 23. Rxd4 Rf2 24. Rc4 Nc5 25. Bd3 Rb8 26. b3 e5 27. Rh3 a5 28. Kb2 Kg7 29. Kc3 Ne6 30. a3 h6 31. gxh6+ Kxh6 32. b4 axb4+ 33. axb4 Nd4 34. Rh1 Kh5 35. Rc7 Rxc2+ 36. Bxc2 Nb5+ 37. Kc4 Nxc7 38. Bd1+ Kh6 39. Ba4 Ne6 40. b5 Nc5 41. Bc2 g5 42. hxg5+ Kxg5 43. Rf1 Ne6 44. Kb4 Nc7 45. Bd3 Na6+ 46. Ka5 Nc5 47. Bc2 Ra8+ 48. Kb4 Ra2 49. Kc3 Ra3+ 50. Kb4 Ra2 51. Kc3 Ra3+ 1/2-1/2

[Event "ROM-chT"]
[Site "Tusnad"]
[Date "1997.??.??"]
[Round "?"]
[White "Istratescu, Andrei"]
[Black "Marin, Mihail"]
[Result "1/2-1/2"]
[WhiteElo "2545"]
[BlackElo "2545"]
[PlyCount "31"]
[EventDate "1997.??.??"]
[Source "www.chesslib.no"]
[SourceDate "2004.05.04"]

1. e4 c5 2. Nf3 d6 3. d4 cxd4 4. Nxd4 Nf6 5. Nc3 g6 6. Be3 Bg7 7. f3 Nc6 8. Qd2 O-O 9. O-O-O Bd7 10. Kb1 Rc8 11. g4 Ne5 12. h4 b5 13. h5 b4 14. Nd5 e6 15. Nxf6+ Qxf6 16. g5 1/2-1/2